| 000 | 00741nam a2200253Ia 4500 | ||
|---|---|---|---|
| 005 | 20220722141642.0 | ||
| 008 | 131103s9999 xx 000 0 und d | ||
| 020 |
_a415229359 _cRs.220.00 |
||
| 040 | _aLoreto College | ||
| 041 | _aEnglish | ||
| 082 |
_a801.95 _bMOR |
||
| 100 | _aMorton, Stephen, 1972- | ||
| 245 |
_aGayatri Charavorty Spivak _cStephen Morton |
||
| 260 |
_aLondon _bRoutledge _c2003 |
||
| 300 | _a176p. | ||
| 440 | _aRoutledge critical thinkers; Robert Eaglestone | ||
| 504 | _aIncludes bibliographical references and index | ||
| 630 | _aFeminism | ||
| 630 | _aPostcolonialism | ||
| 650 | _aSpivak, Gayatri Charavorty - Criticism and Interpretation | ||
| 651 | _aCriticism | ||
| 850 | _aLCLIB | ||
| 942 | _cBK | ||
| 999 |
_c18088 _d68567 |
||